<?xml version="1.0" encoding="UTF-8"?>
<collection xmlns="http://www.loc.gov/MARC21/slim">
 <record>
  <leader>01697nam a2200241Ia 4500</leader>
  <controlfield tag="001">CTU_116529</controlfield>
  <controlfield tag="008">210402s9999    xx            000 0 und d</controlfield>
  <datafield tag="020" ind1=" " ind2=" ">
   <subfield code="c">521000</subfield>
  </datafield>
  <datafield tag="082" ind1=" " ind2=" ">
   <subfield code="a">352.4</subfield>
  </datafield>
  <datafield tag="082" ind1=" " ind2=" ">
   <subfield code="b">B155</subfield>
  </datafield>
  <datafield tag="100" ind1=" " ind2=" ">
   <subfield code="a">Bailey, Stephen</subfield>
  </datafield>
  <datafield tag="245" ind1=" " ind2="0">
   <subfield code="a">Strategic public finance</subfield>
  </datafield>
  <datafield tag="245" ind1=" " ind2="0">
   <subfield code="c">Stephen Bailey</subfield>
  </datafield>
  <datafield tag="260" ind1=" " ind2=" ">
   <subfield code="a">New York</subfield>
  </datafield>
  <datafield tag="260" ind1=" " ind2=" ">
   <subfield code="b">Palgrave Macmillan</subfield>
  </datafield>
  <datafield tag="260" ind1=" " ind2=" ">
   <subfield code="c">2004</subfield>
  </datafield>
  <datafield tag="520" ind1=" " ind2=" ">
   <subfield code="a">Strategic Public Finance is not a conventional treatment of public finance in that it requires no knowledge of economics. It is suitable for multidisciplinary undergraduate and taught postgraduate degree programmes focusing on social policy, social sciences, the welfare state, public administration, politics and public policy. It is especially suitable for Master of Business Administration (MBA) programmes. Its focus being on strategic issues in public finance, the book covers the main alternative political philosophies underpinning public finance, the theoretical impact of collective choices and public finance on property rights, its relative scale in developed countries, spending and raising public finance, potential beneficial and adverse effects of public finance, structural gaps, strategic local public finance, potential use of vouchers to distribute public finance and a strategy for public finance. The comparative analysis of time-series data relating to all OECD countries outlines the present and future challenges for this topical area of finance.</subfield>
  </datafield>
  <datafield tag="526" ind1=" " ind2=" ">
   <subfield code="a">Tài chính công nâng cao</subfield>
  </datafield>
  <datafield tag="526" ind1=" " ind2=" ">
   <subfield code="b">KT924</subfield>
  </datafield>
  <datafield tag="650" ind1=" " ind2=" ">
   <subfield code="a">Finance, public,Finance, public</subfield>
  </datafield>
  <datafield tag="650" ind1=" " ind2=" ">
   <subfield code="x">OECD countries</subfield>
  </datafield>
  <datafield tag="904" ind1=" " ind2=" ">
   <subfield code="i">Hiếu</subfield>
  </datafield>
  <datafield tag="980" ind1=" " ind2=" ">
   <subfield code="a">Trung tâm Học liệu Trường Đại học Cần Thơ</subfield>
  </datafield>
 </record>
</collection>
